<?xml version="1.0" encoding="UTF-8"?><?xml-stylesheet type="text/xsl" href="static/style.xsl"?><OAI-PMH xmlns="http://www.openarchives.org/OAI/2.0/" xmlns:xsi="http://www.w3.org/2001/XMLSchema-instance" xsi:schemaLocation="http://www.openarchives.org/OAI/2.0/ http://www.openarchives.org/OAI/2.0/OAI-PMH.xsd"><responseDate>2026-04-13T08:36:40Z</responseDate><request verb="GetRecord" identifier="oai:www.recercat.cat:2117/408487" metadataPrefix="marc">https://recercat.cat/oai/request</request><GetRecord><record><header><identifier>oai:recercat.cat:2117/408487</identifier><datestamp>2026-01-21T08:20:19Z</datestamp><setSpec>com_2072_1033</setSpec><setSpec>col_2072_452950</setSpec></header><metadata><record xmlns="http://www.loc.gov/MARC21/slim" xmlns:dcterms="http://purl.org/dc/terms/" xmlns:xsi="http://www.w3.org/2001/XMLSchema-instance" xmlns:doc="http://www.lyncode.com/xoai" xsi:schemaLocation="http://www.loc.gov/MARC21/slim http://www.loc.gov/standards/marcxml/schema/MARC21slim.xsd">
   <leader>00925njm 22002777a 4500</leader>
   <datafield ind2=" " ind1=" " tag="042">
      <subfield code="a">dc</subfield>
   </datafield>
   <datafield ind2=" " ind1=" " tag="720">
      <subfield code="a">Borges Martins, Patricia Alexandra</subfield>
      <subfield code="e">author</subfield>
   </datafield>
   <datafield ind2=" " ind1=" " tag="720">
      <subfield code="a">Pagès Ramon, Anna</subfield>
      <subfield code="e">author</subfield>
   </datafield>
   <datafield ind2=" " ind1=" " tag="720">
      <subfield code="a">Travesset Baró, Oriol</subfield>
      <subfield code="e">author</subfield>
   </datafield>
   <datafield ind2=" " ind1=" " tag="260">
      <subfield code="c">2024-03-07</subfield>
   </datafield>
   <datafield ind2=" " ind1=" " tag="520">
      <subfield code="a">In the field of urban building energy models (UBEM), the significant mismatch between simulation results and energy metered data is one of the most important barriers when using them as a planning tool. Their implementation requires a great amount of detailed building-related data, which is not always available. These data could be collected or measured for a small group of existing buildings, however such detailed data collection effort becomes impractical for large urban areas. Therefore, UBEM require certain simplifications and assumptions which can distance the input data from reality, leading to a performance gap. In this sense, knowing the influence of all the input parameters on UBEM simulation results would allow to focus the data collection efforts on the inputs with the greatest sensitivity. In this context, the aim of this research is to quantify the influence of the window-to-wall ratio (WWR) input parameter in an UBEM implemented on the residential building stock in Escaldes-Engordany (Andorra). After gathering the WWR data from a significant sample of the building stock, heating simulations of the entire building stock were carried out using the extreme WWR values, minimum and maximum, in order to analyse the variation of the results. The results obtained show an average difference of 12% between the two heating consumption simulation results. Furthermore, it can also be seen that the differences are more significant for the single-family building typology, as well as for more recently constructed buildings.</subfield>
   </datafield>
   <datafield ind2=" " ind1=" " tag="520">
      <subfield code="a">Peer Reviewed</subfield>
   </datafield>
   <datafield ind2=" " ind1=" " tag="520">
      <subfield code="a">Postprint (author's final draft)</subfield>
   </datafield>
   <datafield tag="653" ind2=" " ind1=" ">
      <subfield code="a">Àrees temàtiques de la UPC::Edificació::Elements constructius d'edificis::Elements de tancament</subfield>
   </datafield>
   <datafield tag="653" ind2=" " ind1=" ">
      <subfield code="a">Architecture and energy conservation</subfield>
   </datafield>
   <datafield tag="653" ind2=" " ind1=" ">
      <subfield code="a">Arquitectura i estalvi d'energia</subfield>
   </datafield>
   <datafield ind2="0" ind1="0" tag="245">
      <subfield code="a">Quantifying input parameters influence in UBEM simulation results: the window-to-wall ratio case</subfield>
   </datafield>
</record></metadata></record></GetRecord></OAI-PMH>